00634nam a2200241 a 4500001001300000003000900013005001700022008004100039020001000080082001300090100001600103245002200119260003800141300000900179500003500188505001700223650001300240700001600253902000800269942000700277952009300284999001500377nice12345678IN_TiNIC20260116011721.0050524s1947 lona grp 000 0 eng  ac10000a230bWAN aWand, J W C aGod and Goodness. aLondonbEyre & Spottiswoodec1947 a196p aincludes index and biblioraphy2 aBibliography aTheology1 aWand, J W C bSRS cBK 00104070aHMIbHMId2009-09-08g100.00l0o230 WANp5525r2009-09-08w2026-01-16yARB c3518d3518